[Event "op Bad Woerishofen"]
[Site "?"]
[Date "1998.??.??"]
[Round "1"]
[White "Bierbach, U."]
[Black "Eingorn, V."]
[Result "0-1"]
[WhiteElo "2095"]
[BlackElo "2605"]
[PlyCount "76"]
[EventDate "1998.??.??"]

1. d4 e6 2. c4 Bb4+ 3. Nc3 c5 4. e3 Bxc3+ 5. bxc3 d6 6. Nf3 Nc6 7. Bd3 Nge7 8.
O-O e5 9. d5 Na5 10. Nd2 f5 11. Qh5+ g6 12. Qh6 Ng8 13. Qg7 Qf6 14. Qxf6 Nxf6
15. f3 b6 16. e4 f4 17. Nb3 Nb7 18. Bd2 Bd7 19. a4 Ke7 20. a5 Rhb8 21. axb6
axb6 22. Rfb1 g5 23. Kf2 Kd8 24. Rxa8 Rxa8 25. Ra1 Na5 26. Nc1 Kc7 27. Ke1 Rg8
28. Kf2 g4 29. Ne2 h5 30. Rb1 h4 31. Nxf4 exf4 32. Bxf4 Nh5 33. g3 gxf3 34.
Kxf3 Bg4+ 35. Kf2 Bh3 36. Rg1 hxg3+ 37. hxg3 Nf6 38. e5 Ng4+ 0-1

[Event "op Bad Woerishofen"]
[Site "?"]
[Date "1998.??.??"]
[Round "1"]
[White "Giorgadze, G."]
[Black "Porubski, G."]
[Result "1-0"]
[WhiteElo "2605"]
[BlackElo "2095"]
[PlyCount "57"]
[EventDate "1998.??.??"]

1. d4 Nf6 2. c4 e6 3. Nc3 Bb4 4. e3 b6 5. Nge2 Bb7 6. a3 Bxc3+ 7. Nxc3 O-O 8.
Bd3 d6 9. O-O c5 10. d5 e5 11. e4 h6 12. b4 Nbd7 13. Be3 Qe7 14. Qe2 Rfe8 15.
Rfb1 Rec8 16. Rb2 Ba6 17. Rab1 Rc7 18. Na4 cxb4 19. axb4 Rac8 20. b5 Bb7 21. f3
Ba8 22. Ra2 Ne8 23. Rba1 Qd8 24. Nb2 Nc5 25. Rxa7 Nxd3 26. Qxd3 Rxa7 27. Rxa7
Rb8 28. Na4 Nf6 29. Qa3 1-0

[Event "op Bad Woerishofen"]
[Site "?"]
[Date "1998.??.??"]
[Round "1"]
[White "Eck, M."]
[Black "Dautov, R."]
[Result "0-1"]
[WhiteElo "2085"]
[BlackElo "2600"]
[PlyCount "86"]
[EventDate "1998.??.??"]

1. e4 c6 2. Nc3 d5 3. Nf3 Nf6 4. e5 Ne4 5. Ne2 Bf5 6. d3 Nc5 7. Ng3 e6 8. Nxf5
exf5 9. g3 Ne6 10. Bg2 Be7 11. O-O O-O 12. Qe2 a5 13. c4 Na6 14. h4 dxc4 15.
dxc4 Nac5 16. Rd1 Qc7 17. Be3 Rad8 18. Kh2 Rxd1 19. Rxd1 Rd8 20. Rxd8+ Qxd8 21.
Bf1 Qc7 22. Bh3 g6 23. Bf1 Bf8 24. Bc1 Ne4 25. b3 Bc5 26. Be3 Nc3 27. Qd2 Bxe3
28. fxe3 Ne4 29. Qb2 Qb6 30. Nd4 Qc5 31. Nc2 b5 32. Kg2 b4 33. Bd3 Nc3 34. a3
Qb6 35. axb4 axb4 36. Qa1 Qb8 37. Ne1 Qxe5 38. Qa8+ Kg7 39. Qxc6 Qxe3 40. Kf1
Nc5 41. Qd6 Nxb3 42. Qxb4 Nd2+ 43. Kg2 Nd1 0-1

[Event "op Bad Woerishofen"]
[Site "?"]
[Date "1998.??.??"]
[Round "1"]
[White "Wittfoth, KU."]
[Black "Baklan, V."]
[Result "0-1"]
[WhiteElo "2060"]
[BlackElo "2540"]
[PlyCount "69"]
[EventDate "1998.??.??"]

1. d4 Nf6 2. c4 c5 3. d5 b5 4. a4 bxc4 5. Nc3 g6 6. e4 d6 7. Bxc4 Bg7 8. Nge2
O-O 9. O-O Ba6 10. Bb5 Bb7 11. f3 Na6 12. Be3 e6 13. dxe6 fxe6 14. Qb3 Qe7 15.
Rfe1 Rab8 16. Nf4 Nc7 17. Qa2 a6 18. Bc4 Rfe8 19. Rac1 Kh8 20. Nd3 Nd7 21. b4
cxb4 22. Nxb4 d5 23. Nbxd5 exd5 24. exd5 Ne5 25. Ne4 Nxc4 26. Bc5 Qe5 27. d6
Ne6 28. d7 Nxc5 29. dxe8=R+ Rxe8 30. Qxc4 Qd4+ 31. Kh1 Nd3 32. Qf7 Bc6 33. Red1
Rf8 34. Qxf8+ Bxf8 35. Rxc6 0-1

[Event "op Bad Woerishofen"]
[Site "?"]
[Date "1998.??.??"]
[Round "1"]
[White "Wells, P."]
[Black "Hipp, H."]
[Result "1/2-1/2"]
[WhiteElo "2530"]
[BlackElo "2055"]
[PlyCount "81"]
[EventDate "1998.??.??"]

1. d4 d5 2. c4 c6 3. Nc3 Nf6 4. e3 e6 5. Nf3 Be7 6. Bd3 Nbd7 7. O-O O-O 8. b3
b6 9. Bb2 Bb7 10. Qe2 c5 11. Rac1 cxd4 12. exd4 Rc8 13. Rfe1 Bd6 14. Ne5 Bb8
15. Rcd1 dxc4 16. bxc4 Re8 17. Qe3 h6 18. f4 Nxe5 19. dxe5 Nd7 20. Be4 Bxe4 21.
Nxe4 Qe7 22. Ba3 Nc5 23. Bxc5 bxc5 24. Rd3 Red8 25. Red1 Bc7 26. g3 Rd4 27.
Rxd4 cxd4 28. Qd3 Bb6 29. Kg2 Qb7 30. Rc1 Qa6 31. Rc2 Qb7 32. h4 Qc6 33. Kh2
Bc5 34. Rb2 Bb6 35. Rc2 Bc5 36. Rb2 Bb6 37. Rc2 Bc5 38. Nd2 Rb8 39. Nb3 Rd8 40.
Rf2 Qc7 41. Re2 1/2-1/2

[Event "op Bad Woerishofen"]
[Site "?"]
[Date "1998.??.??"]
[Round "1"]
[White "Kupreichik, V."]
[Black "Kleinhenz, HG."]
[Result "1-0"]
[WhiteElo "2505"]
[BlackElo "2040"]
[PlyCount "61"]
[EventDate "1998.??.??"]

1. e4 e6 2. d4 d5 3. e5 c5 4. c3 Nc6 5. Be3 Bd7 6. Nf3 Qc7 7. Be2 Nge7 8. Na3
Nf5 9. Nb5 Qb8 10. Bf4 a6 11. g4 Nfxd4 12. Nbxd4 cxd4 13. cxd4 Bb4+ 14. Kf1 Qa7
15. a3 Ba5 16. Be3 Rc8 17. h4 f6 18. exf6 gxf6 19. g5 Bd8 20. Rg1 Be7 21. Rc1
Qb8 22. Qd2 Qd6 23. Bf4 e5 24. dxe5 fxe5 25. Nxe5 Bh3+ 26. Ke1 Nxe5 27. Rxc8+
Bxc8 28. Qe3 O-O 29. Bxe5 Qc6 30. g6 Bf5 31. Qh6 1-0

[Event "op Bad Woerishofen"]
[Site "?"]
[Date "1998.??.??"]
[Round "1"]
[White "Arbakov, V."]
[Black "Taschner, P."]
[Result "1-0"]
[WhiteElo "2445"]
[BlackElo "2030"]
[PlyCount "89"]
[EventDate "1998.??.??"]

1. d4 d6 2. e4 Nf6 3. f3 Nbd7 4. Be3 c6 5. c4 e5 6. d5 cxd5 7. cxd5 Be7 8. Nc3
O-O 9. Bd3 Ne8 10. Nge2 Bg5 11. Bf2 Bh4 12. g3 Be7 13. h4 Nc5 14. Bc2 b6 15. b4
Nb7 16. Kf1 Bd7 17. Kg2 Rc8 18. Bd3 Nc7 19. Qd2 Qe8 20. a4 f5 21. a5 bxa5 22.
bxa5 a6 23. Rhb1 Nd8 24. exf5 Bxf5 25. Bxf5 Rxf5 26. Qd3 Rf8 27. Bb6 Qf7 28.
Rf1 Nb7 29. Rad1 Bd8 30. f4 Qd7 31. fxe5 Rxf1 32. e6 Nxe6 33. dxe6 Qc6+ 34.
Kxf1 Bxb6 35. axb6 Qxb6 36. Nd5 Rf8+ 37. Nef4 Qa5 38. e7 Re8 39. Ne6 Nc5 40.
Qf5 Qb5+ 41. Kg1 Nxe6 42. Qxe6+ Kh8 43. Rf1 Qb8 44. Qf7 Rg8 45. Qxg8+ 1-0

[Event "op Bad Woerishofen"]
[Site "?"]
[Date "1998.??.??"]
[Round "2"]
[White "Eingorn, V."]
[Black "Wornath, K."]
[Result "1-0"]
[WhiteElo "2605"]
[BlackElo "2260"]
[PlyCount "67"]
[EventDate "1998.??.??"]

1. Nf3 g6 2. e4 c5 3. c4 Nc6 4. d4 cxd4 5. Nxd4 Bg7 6. Be3 Nf6 7. Nc3 d6 8. Be2
O-O 9. O-O Bd7 10. Nc2 a6 11. f3 Qc7 12. Rc1 Ne5 13. b3 b5 14. Nd5 Nxd5 15.
cxd5 f5 16. Nd4 Qa5 17. exf5 gxf5 18. f4 Ng6 19. Rf2 Rac8 20. Nc6 Bxc6 21. dxc6
Kh8 22. Bh5 b4 23. Rfc2 Rfd8 24. Qd3 e5 25. c7 Rd7 26. Qxf5 Rdxc7 27. Qxc8+
Rxc8 28. Rxc8+ Nf8 29. f5 Kg8 30. R1c7 Qxa2 31. f6 Bxf6 32. Bf7+ Kg7 33. Bd5+
Kg6 34. Be4+ 1-0

[Event "op Bad Woerishofen"]
[Site "?"]
[Date "1998.??.??"]
[Round "2"]
[White "Dautov, R."]
[Black "Oberhofer, M."]
[Result "1-0"]
[WhiteElo "2600"]
[BlackElo "2240"]
[PlyCount "55"]
[EventDate "1998.??.??"]

1. d4 d5 2. c4 e6 3. Nc3 Nf6 4. cxd5 exd5 5. Bg5 Be7 6. e3 O-O 7. Bd3 Nbd7 8.
Nf3 Re8 9. h3 Nf8 10. O-O Be6 11. Qc2 Nh5 12. Bxe7 Qxe7 13. b4 c6 14. b5 cxb5
15. Bxb5 Red8 16. Be2 Ng6 17. Qb2 Rd7 18. Rac1 f5 19. Ne5 Nxe5 20. dxe5 Qg5 21.
Nb5 f4 22. Bxh5 Qxh5 23. exf4 Rf8 24. Nd4 Bxh3 25. gxh3 Rxf4 26. Rc8+ Rf8 27.
Rxf8+ Kxf8 28. Qa3+ 1-0

[Event "op Bad Woerishofen"]
[Site "?"]
[Date "1998.??.??"]
[Round "2"]
[White "Gabriel, C."]
[Black "Dunsbach, R."]
[Result "1-0"]
[WhiteElo "2555"]
[BlackElo "2225"]
[PlyCount "67"]
[EventDate "1998.??.??"]

1. d4 Nf6 2. c4 g6 3. Nc3 d5 4. Nf3 Bg7 5. cxd5 Nxd5 6. Na4 O-O 7. e4 Nb6 8.
Nxb6 axb6 9. h3 c5 10. Be3 cxd4 11. Bxd4 Nc6 12. Bxg7 Qxd1+ 13. Rxd1 Kxg7 14.
a3 Be6 15. Bb5 Rfd8 16. Ke2 Na7 17. Bd3 Rac8 18. Ke3 f6 19. Be2 Bb3 20. Rxd8
Rxd8 21. Nd4 Bf7 22. Rd1 Nc6 23. Nxc6 Rxd1 24. Bxd1 bxc6 25. b4 Kf8 26. a4 Ke8
27. a5 bxa5 28. bxa5 Kd8 29. Kd4 Kc7 30. Kc5 Be6 31. a6 Bc8 32. Be2 g5 33. a7
Bb7 34. g3 1-0

[Event "op Bad Woerishofen"]
[Site "?"]
[Date "1998.??.??"]
[Round "2"]
[White "Slobodjan, R."]
[Black "Schaefer, M."]
[Result "1-0"]
[WhiteElo "2530"]
[BlackElo "2210"]
[PlyCount "87"]
[EventDate "1998.??.??"]

1. e4 c5 2. Nf3 e6 3. d3 Nc6 4. g3 d6 5. Bg2 Be7 6. O-O Nf6 7. c3 O-O 8. Re1
Rb8 9. d4 cxd4 10. cxd4 d5 11. e5 Ne4 12. Nbd2 Nxd2 13. Bxd2 Bd7 14. Bf1 Qb6
15. Bc3 Na5 16. Bd3 Bb5 17. Bc2 Rfc8 18. h4 Nc4 19. Rc1 Be8 20. Bb1 Rc6 21. Nd2
Qd8 22. Nxc4 Rxc4 23. Qd3 g6 24. h5 b5 25. hxg6 hxg6 26. b3 Rc6 27. Bd2 Rxc1
28. Rxc1 Rc8 29. Rd1 Qb6 30. Kg2 b4 31. Rh1 Bf8 32. Bg5 f5 33. exf6 e5 34. dxe5
d4 35. Qf3 Rc3 36. Qd5+ Bf7 37. Rh8+ Kxh8 38. Qxf7 Qc6+ 39. Kh2 Qc8 40. Qxg6
Rc7 41. f7 Qg4 42. Bf6+ Bg7 43. Qxg7+ Qxg7 44. f8=R# 1-0

[Event "op Bad Woerishofen"]
[Site "?"]
[Date "1998.??.??"]
[Round "2"]
[White "Timoshchenko, G."]
[Black "Schulze, H."]
[Result "1/2-1/2"]
[WhiteElo "2520"]
[BlackElo "2200"]
[PlyCount "94"]
[EventDate "1998.??.??"]

1. d4 c6 2. Nf3 d5 3. c4 Nf6 4. Nc3 e6 5. e3 Bd6 6. Bd3 dxc4 7. Bxc4 O-O 8. O-O
Nbd7 9. Qc2 Qc7 10. h3 e5 11. Bb3 b6 12. Rd1 Ba6 13. e4 Rae8 14. Bg5 h6 15. Bh4
Nh5 16. Qd2 Bb4 17. a3 Bxc3 18. Qxc3 exd4 19. Rxd4 Nc5 20. Bc4 Rxe4 21. Bxa6
Rxd4 22. Nxd4 Nxa6 23. Nxc6 g5 24. Bg3 Nxg3 25. fxg3 Nc5 26. Nd4 Qd7 27. g4 Na4
28. Qe3 Re8 29. Qf2 Re4 30. Nf5 h5 31. Qf3 Rf4 32. Qa8+ Kh7 33. Qf8 Rxf5 34.
gxf5 Nxb2 35. Rf1 Qd4+ 36. Kh1 Qc4 37. Re1 Nd3 38. f6 Kg6 39. Qg7+ Kf5 40. Rb1
Nf2+ 41. Kh2 Qf4+ 42. Kg1 Nxh3+ 43. gxh3 Qg3+ 44. Kf1 Qf3+ 45. Ke1 Qe3+ 46. Kd1
Qd3+ 47. Kc1 Qc3+ 1/2-1/2

[Event "op Bad Woerishofen"]
[Site "?"]
[Date "1998.??.??"]
[Round "2"]
[White "Hofmann, J."]
[Black "Mainka, R."]
[Result "1/2-1/2"]
[WhiteElo "2205"]
[BlackElo "2500"]
[PlyCount "76"]
[EventDate "1998.??.??"]

1. d4 f5 2. Nf3 d6 3. g3 Nf6 4. Bg2 g6 5. O-O Bg7 6. c4 O-O 7. Nc3 Qe8 8. d5 a5
9. Nd4 Na6 10. e4 fxe4 11. Nxe4 Nxe4 12. Bxe4 Bd7 13. Be3 c6 14. Qd2 a4 15.
Rae1 Nc7 16. Bg2 c5 17. Ne2 b5 18. b3 axb3 19. axb3 bxc4 20. bxc4 Ra4 21. Rc1
Qf7 22. Bh6 Bxh6 23. Qxh6 Ne8 24. Nf4 Qg7 25. Qxg7+ Nxg7 26. Rfe1 Kf7 27. Bh3
Bxh3 28. Nxh3 h6 29. Nf4 Rfa8 30. Kg2 Ra2 31. Rb1 R8a7 32. Ne6 Nxe6 33. Rxe6
Rc2 34. Re4 Raa2 35. Rf4+ Kg7 36. Re1 Re2 37. Rxe2 Rxe2 38. Kf3 Rc2 1/2-1/2

[Event "op Bad Woerishofen"]
[Site "?"]
[Date "1998.??.??"]
[Round "2"]
[White "Schelle, A."]
[Black "Arbakov, V."]
[Result "0-1"]
[WhiteElo "2200"]
[BlackElo "2475"]
[PlyCount "60"]
[EventDate "1998.??.??"]

1. d4 Nf6 2. c4 c5 3. d5 b5 4. cxb5 a6 5. bxa6 g6 6. Nc3 Bxa6 7. e4 Qa5 8. Bxa6
Nxa6 9. e5 Ne4 10. Nge2 Bg7 11. O-O Nxc3 12. Nxc3 Bxe5 13. d6 e6 14. Ne4 f5 15.
Nd2 Qb5 16. Nf3 Bg7 17. Bg5 O-O 18. Re1 Nb4 19. Be7 Rfb8 20. a4 Qd3 21. Ne5
Qxd1 22. Raxd1 Rb7 23. b3 Nc2 24. Re2 Nd4 25. Re3 Bxe5 26. Rxe5 Nxb3 27. Rxe6
dxe6 28. d7 Nd4 29. d8=Q+ Rxd8 30. Bxd8 Rd7 0-1

[Event "op Bad Woerishofen"]
[Site "?"]
[Date "1998.??.??"]
[Round "2"]
[White "Kelchner, H."]
[Black "Wilhelmi, C."]
[Result "0-1"]
[WhiteElo "2185"]
[BlackElo "2445"]
[PlyCount "92"]
[EventDate "1998.??.??"]

1. Nf3 Nf6 2. g3 d5 3. Bg2 Bg4 4. d3 Nbd7 5. Nbd2 e6 6. O-O c6 7. b3 Bc5 8. Bb2
Qe7 9. Qe1 Ba3 10. Qc1 Bxb2 11. Qxb2 a5 12. e4 O-O 13. Rfe1 a4 14. Nf1 dxe4 15.
dxe4 Qc5 16. h3 Bxf3 17. Bxf3 Ne5 18. Bg2 a3 19. Qc1 h5 20. Re2 h4 21. Qe3 Ra5
22. Rd1 hxg3 23. fxg3 Rb8 24. Nh2 Qxe3+ 25. Rxe3 Kf8 26. Nf3 Nfd7 27. Kf2 Ke7
28. Re2 Rc5 29. Red2 b5 30. Nd4 b4 31. Re1 Nf6 32. Nf3 Nxf3 33. Bxf3 Nd7 34.
Re3 Ne5 35. Bd1 Rh8 36. Kg2 Rc3 37. Rxc3 bxc3 38. Rf2 Rd8 39. Be2 Kd6 40. Kf1
Kc5 41. Bc4 Rd1+ 42. Ke2 Ra1 43. Bd3 Rxa2 44. Rf1 Rb2 45. Ke3 a2 46. Ra1 Kb4
0-1

[Event "op Bad Woerishofen"]
[Site "?"]
[Date "1998.??.??"]
[Round "2"]
[White "Damm, F."]
[Black "Nikolac, J."]
[Result "0-1"]
[WhiteElo "2170"]
[BlackElo "2435"]
[PlyCount "70"]
[EventDate "1998.??.??"]

1. d4 Nf6 2. c4 e6 3. Nf3 d5 4. Nc3 c6 5. e3 a6 6. Qc2 Nbd7 7. Bd3 dxc4 8. Bxc4
b5 9. Bd3 c5 10. a4 b4 11. Ne2 Bb7 12. Ng3 Bd6 13. O-O Qc7 14. Qe2 h5 15. Rd1
h4 16. Nf1 h3 17. Bd2 hxg2 18. Ng3 Qc6 19. Ng5 Ke7 20. f3 Qb6 21. a5 Qa7 22.
Kxg2 Rh4 23. Be1 Rah8 24. h3 Nd5 25. Bc4 N7f6 26. N3e4 R4h5 27. h4 Bf4 28. Bf2
cxd4 29. Nxf6 Rxg5+ 30. hxg5 Nxe3+ 31. Kg1 Bh2+ 32. Kh1 Bf4+ 33. Kg1 gxf6 34.
g6 Bh2+ 35. Kh1 Qa8 0-1

[Event "op Bad Woerishofen"]
[Site "?"]
[Date "1998.??.??"]
[Round "2"]
[White "Paehtz, E."]
[Black "Dittmar, P."]
[Result "1/2-1/2"]
[WhiteElo "2160"]
[BlackElo "2340"]
[PlyCount "150"]
[EventDate "1998.??.??"]

1. e4 c6 2. d4 d5 3. exd5 cxd5 4. c4 Nf6 5. Nc3 e6 6. Nf3 Be7 7. Bg5 O-O 8. Bd3
dxc4 9. Bxc4 Nc6 10. O-O b6 11. a3 Bb7 12. Ba2 Nd5 13. Be3 Na5 14. Qd3 Nxc3 15.
bxc3 Bxf3 16. gxf3 Rc8 17. c4 Bd6 18. h3 Qh4 19. Kg2 Rfd8 20. Rac1 Bc5 21. d5
Nb7 22. Rcd1 Rd6 23. Qe4 Qxe4 24. fxe4 e5 25. Bxc5 Nxc5 26. Kf3 Rh6 27. Rh1 Rh4
28. Bb1 Kf8 29. Ke3 Nb7 30. Bd3 Ke7 31. Rdg1 Nd6 32. Rc1 Rc5 33. f3 f5 34. Rh2
f4+ 35. Kd2 Ra5 36. Rc3 Nb7 37. Kc2 Nc5 38. Bf1 Rh6 39. Rg2 Kf6 40. Rd2 Ke7 41.
Rg2 Rg6 42. Rxg6 hxg6 43. h4 Kd6 44. Kd2 Ke7 45. Kc2 Kf6 46. Bh3 Nb7 47. Kb3
Rc5 48. Kc2 Nd6 49. Kd3 g5 50. h5 Rc7 51. Rc2 g6 52. hxg6 Kxg6 53. Bg4 Rc5 54.
Rc3 Nf7 55. Be6 Nd6 56. Bg4 Kf6 57. Rc2 Ra5 58. Rc3 Nb7 59. Bf5 Ke7 60. Kc2 Kd6
61. Bc8 Nc5 62. Bh3 Ra4 63. Bg4 Ra5 64. Bf5 b5 65. cxb5 Rxb5 66. Bg4 a5 67. Bh5
Rb8 68. Bg4 Rh8 69. Rc4 Rh2+ 70. Kb1 Rd2 71. Rc2 Rd3 72. Ka2 a4 73. Rb2 Nb3 74.
Bh5 Rc3 75. Rg2 Nd4 1/2-1/2

[Event "op Bad Woerishofen"]
[Site "?"]
[Date "1998.??.??"]
[Round "3"]
[White "Giorgadze, G."]
[Black "Zlochevsky, A."]
[Result "1-0"]
[WhiteElo "2605"]
[BlackElo "2435"]
[PlyCount "83"]
[EventDate "1998.??.??"]

1. d4 Nf6 2. c4 c5 3. d5 b5 4. cxb5 a6 5. b6 Qxb6 6. Nc3 d6 7. Nf3 g6 8. Nd2
Nbd7 9. e4 Bg7 10. Be2 O-O 11. Nc4 Qc7 12. Bf4 Rb8 13. O-O Nb6 14. Ne3 Ne8 15.
Qd2 Qa7 16. a4 Nc7 17. Bg5 Re8 18. f4 a5 19. f5 Nd7 20. Bb5 Nxb5 21. Nxb5 Qb7
22. Nc4 Ne5 23. Nxa5 Qd7 24. Bf4 Ba6 25. Bxe5 Bxe5 26. Nc6 Bxb5 27. axb5 Rxb5
28. Nxe5 dxe5 29. Ra3 c4 30. Qh6 Rb3 31. fxg6 hxg6 32. Rxf7 Kxf7 33. Qh7+ Kf8
34. Ra1 Qg4 35. Rf1+ Qf4 36. Rxf4+ exf4 37. e5 e6 38. Qh8+ Kf7 39. Qf6+ Kg8 40.
Qxg6+ Kf8 41. Qh6+ Kg8 42. Qg5+ 1-0

[Event "op Bad Woerishofen"]
[Site "?"]
[Date "1998.??.??"]
[Round "3"]
[White "Foisor, C."]
[Black "Dautov, R."]
[Result "0-1"]
[WhiteElo "2410"]
[BlackElo "2600"]
[PlyCount "60"]
[EventDate "1998.??.??"]

1. c4 e5 2. g3 Nf6 3. Bg2 Nc6 4. Nf3 Bc5 5. O-O d6 6. Nc3 O-O 7. d3 h6 8. e3
Bg4 9. h3 Bh5 10. Ne2 Bb6 11. g4 Bg6 12. Nh4 Bh7 13. Nf5 Bxf5 14. gxf5 Qd7 15.
Ng3 Rad8 16. Qa4 Kh7 17. b4 Rg8 18. Ba3 a6 19. c5 Ba7 20. Rfd1 d5 21. Bb2 g6
22. fxg6+ Rxg6 23. Kh2 Rdg8 24. Rg1 Rg4 25. e4 Rh4 26. f3 dxe4 27. dxe4 Qd2 28.
Qb3 Qf4 29. Bh1 Nh5 30. Bc1 Rxg3 0-1

[Event "op Bad Woerishofen"]
[Site "?"]
[Date "1998.??.??"]
[Round "3"]
[White "Gasthofer, V."]
[Black "Gabriel, C."]
[Result "0-1"]
[WhiteElo "2360"]
[BlackElo "2555"]
[PlyCount "46"]
[EventDate "1998.??.??"]

1. c4 g6 2. e4 Bg7 3. d4 d6 4. Nc3 Nf6 5. f3 O-O 6. Be3 a6 7. Qd2 c6 8. Bd3 b5
9. cxb5 axb5 10. b4 Nbd7 11. Nge2 Nb6 12. O-O Be6 13. Rfc1 Bc4 14. a3 Ra6 15.
d5 cxd5 16. Nxb5 Nfd7 17. Ned4 Ne5 18. Be2 dxe4 19. fxe4 Qd7 20. h3 Qb7 21. Nc3
Rfa8 22. Ndb5 Bxb5 23. Nxb5 Nec4 0-1

[Event "op Bad Woerishofen"]
[Site "?"]
[Date "1998.??.??"]
[Round "3"]
[White "Bischoff, K."]
[Black "Kersten, U."]
[Result "1-0"]
[WhiteElo "2545"]
[BlackElo "2360"]
[PlyCount "69"]
[EventDate "1998.??.??"]

1. d4 Nf6 2. c4 c5 3. Nf3 cxd4 4. Nxd4 e5 5. Nb5 d5 6. cxd5 Bc5 7. e3 O-O 8.
N5c3 e4 9. Be2 Re8 10. a3 a5 11. Nd2 Bf5 12. Nb3 Bf8 13. g4 Bg6 14. g5 Nfd7 15.
h4 Ne5 16. Nd4 Nd3+ 17. Kf1 Bc5 18. h5 Bxd4 19. hxg6 Bxc3 20. Bxd3 exd3 21.
gxf7+ Kxf7 22. Qxd3 Be5 23. Qf5+ Kg8 24. Qxh7+ Kf8 25. Qf5+ Kg8 26. Qh7+ Kf8
27. Qf5+ Kg8 28. g6 Qxd5 29. e4 Qc4+ 30. Kg1 Bf6 31. Be3 Rxe4 32. Rc1 Rg4+ 33.
Kh2 Rh4+ 34. Kg3 Be5+ 35. f4 1-0

[Event "op Bad Woerishofen"]
[Site "?"]
[Date "1998.??.??"]
[Round "3"]
[White "Heinbuch, D."]
[Black "Baklan, V."]
[Result "0-1"]
[WhiteElo "2365"]
[BlackElo "2540"]
[PlyCount "94"]
[EventDate "1998.??.??"]

1. d4 Nf6 2. Nf3 g6 3. Bf4 c5 4. dxc5 Na6 5. e3 Nxc5 6. Nbd2 Bg7 7. c3 O-O 8.
Be2 d6 9. O-O Bd7 10. h3 b5 11. Bh2 a5 12. a3 Qb6 13. Nb3 Na4 14. Rb1 Rfc8 15.
Bd3 Qb7 16. Qe2 Ne4 17. Rfc1 Nec5 18. Nxc5 Nxc5 19. Ne1 Bc6 20. f3 Rab8 21. Rd1
b4 22. axb4 axb4 23. c4 b3 24. Ra1 Bd7 25. Ra3 Be6 26. Bb1 Ra8 27. Rxa8 Qxa8
28. e4 Qa6 29. e5 Bxc4 30. Qe3 d5 31. Bg3 Na4 32. Qd2 e6 33. Rc1 Bf8 34. Bh4
Qb6+ 35. Kh2 Qb4 36. Qf4 Ba6 37. Qxb4 Bxb4 38. Rxc8+ Bxc8 39. Nd3 Bd2 40. Be7
Ba6 41. Ba3 Bxd3 42. Bxd3 Bf4+ 43. g3 Bxe5 44. Bb5 Nb6 45. Bc5 Nc4 46. Ba4 Nd2
47. Kg2 Bxb2 0-1

[Event "op Bad Woerishofen"]
[Site "?"]
[Date "1998.??.??"]
[Round "3"]
[White "Schaller, S."]
[Black "Slobodjan, R."]
[Result "0-1"]
[WhiteElo "2320"]
[BlackElo "2530"]
[PlyCount "92"]
[EventDate "1998.??.??"]

1. Nf3 b6 2. e4 Bb7 3. d3 g6 4. g3 Bg7 5. Bg2 e5 6. Bg5 Ne7 7. Qc1 h6 8. Bd2
Kf8 9. Na3 d6 10. Nc4 Kg8 11. Ne3 Nd7 12. Ng4 Qf8 13. O-O Rb8 14. c3 f5 15. Ne3
fxe4 16. dxe4 Nc5 17. Nh4 g5 18. Nhf5 Bxe4 19. Bxe4 Nxe4 20. f3 Nxd2 21. Nxe7+
Qxe7 22. Qxd2 Qe6 23. Rae1 Rh7 24. Qd5 Qxd5 25. Nxd5 Bh8 26. f4 gxf4 27. gxf4
Rf8 28. fxe5 Bxe5 29. Rxf8+ Kxf8 30. Rf1+ Ke8 31. Nf6+ Bxf6 32. Rxf6 Ke7 33.
Rf4 Rg7+ 34. Kh1 Rg5 35. h3 d5 36. Rh4 h5 37. Ra4 a5 38. Rh4 c5 39. a3 Ke6 40.
b4 axb4 41. axb4 Ke5 42. bxc5 bxc5 43. Kh2 d4 44. cxd4+ cxd4 45. Kh1 d3 46. Ra4
d2 0-1

[Event "op Bad Woerishofen"]
[Site "?"]
[Date "1998.??.??"]
[Round "3"]
[White "Bocksberger, S."]
[Black "Miezis, N."]
[Result "0-1"]
[WhiteElo "2305"]
[BlackElo "2505"]
[PlyCount "34"]
[EventDate "1998.??.??"]

1. f4 d5 2. b3 c5 3. e3 Nc6 4. Bb5 Qb6 5. Bxc6+ Qxc6 6. Nf3 Nf6 7. Bb2 g6 8. d3
Bg7 9. Nbd2 d4 10. e4 Ng4 11. Nf1 f5 12. Qe2 fxe4 13. dxe4 O-O 14. g3 e5 15.
fxe5 Rxf3 16. Qxf3 Nxe5 17. Qg2 Bh3 0-1

[Event "op Bad Woerishofen"]
[Site "?"]
[Date "1998.??.??"]
[Round "3"]
[White "Lewin, F."]
[Black "Igney, V."]
[Result "1-0"]
[WhiteElo "2465"]
[BlackElo "2260"]
[PlyCount "61"]
[EventDate "1998.??.??"]

1. d4 Nf6 2. c4 g6 3. Nc3 Bg7 4. e4 d6 5. Be2 O-O 6. Bg5 Na6 7. h4 h6 8. Be3 e5
9. d5 Nc5 10. Qc2 a5 11. h5 g5 12. f3 g4 13. Qd2 Kh7 14. O-O-O gxf3 15. gxf3
Ng8 16. Bf1 f5 17. Bh3 fxe4 18. Bxc5 dxc5 19. Nxe4 Bxh3 20. Nxh3 Qe7 21. Qg2
Kh8 22. Rhg1 Rf7 23. Nhf2 Qh4 24. Ng4 Qxh5 25. Nxc5 Qf5 26. Ne6 Qxf3 27. Qxf3
Rxf3 28. Nxg7 Rf4 29. Nxe5 Re4 30. Nf7+ Kh7 31. Ne6 1-0

[Event "op Bad Woerishofen"]
[Site "?"]
[Date "1998.??.??"]
[Round "3"]
[White "Schmittdiel"]
[Black "E-Vogel, R."]
[Result "1-0"]
[WhiteElo "2460"]
[BlackElo "2275"]
[PlyCount "55"]
[EventDate "1998.??.??"]

1. e4 c5 2. c3 d5 3. exd5 Qxd5 4. d4 Nc6 5. dxc5 Qxc5 6. Na3 Qa5 7. Nf3 Nf6 8.
Bf4 Bg4 9. Qb3 O-O-O 10. Bb5 Bxf3 11. gxf3 e5 12. Bxc6 bxc6 13. Nc4 Qd5 14.
Bxe5 Nd7 15. Rd1 Qb5 16. Bg3 Nc5 17. Qxb5 cxb5 18. Ne5 Be7 19. Nxf7 Rxd1+ 20.
Kxd1 Rf8 21. Ne5 Bd6 22. Re1 g5 23. Re3 Kc7 24. Nd3 Na4 25. Re7+ Kc6 26. Rxh7
Rxf3 27. Ke2 Rf6 28. Rxa7 1-0

[Event "op Bad Woerishofen"]
[Site "?"]
[Date "1998.??.??"]
[Round "3"]
[White "Wilhelmi, C."]
[Black "Babar, M."]
[Result "1-0"]
[WhiteElo "2445"]
[BlackElo "2160"]
[PlyCount "101"]
[EventDate "1998.??.??"]

1. d4 f5 2. g3 Nf6 3. Bg2 g6 4. c3 Bg7 5. Qb3 c6 6. Nh3 Qb6 7. Nd2 Qxb3 8. axb3
d5 9. Nf3 Be6 10. Nf4 Bg8 11. h4 Ne4 12. h5 g5 13. h6 Bf6 14. Nh5 Be6 15. Ng7+
Kf7 16. Rh5 Bxg7 17. hxg7 Kxg7 18. Nxg5 Nxg5 19. Bxg5 Bf7 20. Rh4 Re8 21. Kd2
Nd7 22. Rg1 Bg6 23. Bh3 Nf6 24. Bf4 Kf7 25. f3 Rad8 26. g4 fxg4 27. fxg4 Ne4+
28. Ke3 Kg8 29. g5 e6 30. Be5 Rd7 31. Bg4 Nd6 32. Kd2 Nf5 33. Rh3 Rf7 34. Bh5
Ne7 35. Rgh1 Bxh5 36. Rxh5 Ng6 37. Bf6 a6 38. Rh6 Nf8 39. g6 Rxf6 40. gxh7+
Nxh7 41. Rxh7 Ref8 42. Rh8+ Kf7 43. R1h7+ Kg6 44. Rxf8 Rxf8 45. Rxb7 Rc8 46.
Rb6 e5 47. Ke3 Kf5 48. Rxa6 e4 49. b4 Rc7 50. b5 cxb5 51. Rd6 1-0

[Event "op Bad Woerishofen"]
[Site "?"]
[Date "1998.??.??"]
[Round "3"]
[White "Wells, P."]
[Black "Hofmann, J."]
[Result "1-0"]
[WhiteElo "2530"]
[BlackElo "2205"]
[PlyCount "65"]
[EventDate "1998.??.??"]

1. d4 d5 2. c4 c6 3. Nc3 Nf6 4. e3 e6 5. Nf3 Nbd7 6. Bd3 dxc4 7. Bxc4 b5 8. Bd3
Bb7 9. O-O Be7 10. e4 b4 11. Na4 O-O 12. e5 Nd5 13. Qc2 h6 14. Qe2 h5 15. Nc5
Nxc5 16. dxc5 g6 17. Bh6 a5 18. Qc2 Kh7 19. Bxf8 Qxf8 20. Rac1 Qh6 21. Be4 Bg5
22. Rcd1 Be7 23. Rfe1 Qf8 24. Rc1 Qh6 25. Bxd5 exd5 26. e6 f6 27. Nd4 Qf4 28.
Rcd1 Kg7 29. Re3 f5 30. a3 bxa3 31. bxa3 Ra7 32. Qb2 Bf6 33. e7 1-0

[Event "op Bad Woerishofen"]
[Site "?"]
[Date "1998.??.??"]
[Round "3"]
[White "Mainka, R."]
[Black "Naegele, T."]
[Result "1-0"]
[WhiteElo "2500"]
[BlackElo "2195"]
[PlyCount "53"]
[EventDate "1998.??.??"]

1. e4 c5 2. Nf3 d6 3. d4 cxd4 4. Nxd4 Nf6 5. Nc3 g6 6. Be3 Bg7 7. Qd2 Nc6 8. f3
O-O 9. O-O-O Be6 10. Kb1 Nxd4 11. Bxd4 Qc7 12. g4 Rfc8 13. g5 Nh5 14. Nb5 Qd8
15. Bxg7 Kxg7 16. Nd4 Qd7 17. h4 Rc5 18. Rh2 Kg8 19. Qe3 Rac8 20. Nxe6 fxe6 21.
Bh3 Ng7 22. h5 gxh5 23. Rg1 Qe8 24. g6 hxg6 25. Qh6 g5 26. Rhg2 g4 27. Bxg4 1-0

[Event "op Bad Woerishofen"]
[Site "?"]
[Date "1998.??.??"]
[Round "3"]
[White "Ortega, L."]
[Black "Schuster, G."]
[Result "1-0"]
[WhiteElo "2475"]
[BlackElo "2095"]
[PlyCount "29"]
[EventDate "1998.??.??"]

1. d4 Nf6 2. Nf3 e6 3. Bf4 c5 4. e3 Nc6 5. Nbd2 d5 6. c3 Be7 7. Bd3 O-O 8. Ne5
Re8 9. Qf3 Nxe5 10. dxe5 Nd7 11. h4 f6 12. Qh5 Nf8 13. Rh3 Bd7 14. Rg3 Bc6 15.
Bh6 1-0